Despertador christiano de sermones doctrinales, sobre particulares assumptos, dispuesto para que vuelva en su acuerdo el pecador, ...

Detalles Bibliográficos
Autor principal: BARCIA Y ZAMBRANA, José de
Formato: Libro
Publicado: Madrid 1684
Edición:3a imp.
Materias:
Colección:Banco de datos
Acervo:Biblioteca del Ex Convento de Nuestra Señora de Guadalupe. Zacatecas
Descripción Física:t. IV
Tema general:Homilética
Notas:Regular. XIII,6,2 (4515)
LEADER 00823nam a22002170004500
035 |a 46476 
036 |a 7660 
100 1 |a BARCIA Y ZAMBRANA, José de 
245 1 0 |a Despertador christiano de sermones doctrinales, sobre particulares assumptos, dispuesto para que vuelva en su acuerdo el pecador, ... 
250 |a 3a imp. 
260 |a Madrid  |b ed. Gabriel de L, imp. Antonio de Zafra  |c 1684 
300 |a t. IV 
500 |a Regular. XIII,6,2 (4515) 
650 1 0 |a Homilética 
949 |a CRZ-CG 
959 |a Ex convento de Nuestra Señora de Guadalupe, Museo Regional de Zacatecas, Zacatecas  |b CCC4 
960 |a Convento de Nuestra Señora de Guadalupe, Zacatecas  |b DD87 
961 |a Franciscana  |b OF 
942 |c CRZ-CG 
943 |g Biblioteca del Ex Convento de Nuestra Señora de Guadalupe. Zacatecas 
999 |c 970603  |d 970603